| 000 | 00718nam a22002177a 4500 | ||
|---|---|---|---|
| 008 | 160921b xxu||||| |||| 00| 0 eng d | ||
| 020 | _a978032169259 | ||
| 020 | _a0321692551 | ||
| 050 | _aQA 276.12 .D417 2012 | ||
| 100 | _aDe Veaux, Richard D. | ||
| 245 |
_aStats: _bdata and models/ _cRichard D. De Veaux, Paul F. Velleman and David E. Bock |
||
| 250 | _a3rd ed. | ||
| 260 |
_aBoston: _bAddison-Wesley; _c2012 |
||
| 300 |
_axxv, 865p. : _bill. ; _c22cm _eCD _fcm _g12 |
||
| 500 | _aIncludes index | ||
| 650 |
_aStatistics _xTextbooks |
||
| 650 |
_aMathematical statistics _xTextbooks |
||
| 700 | _aVelleman, Paul F. | ||
| 700 | _aBock, David E. | ||
| 942 |
_2lcc _cBOOKS _hQA 276.12 .D417 2012 |
||
| 999 |
_c13942 _d13942 |
||